Welcome to CU Library Online Public Access Catalogue (OPAC)

Kept for the Master's Use (Record no. 1133)

MARC details
000 -LEADER
fixed length control field 00440nam a22001577a 4500
005 - DATE AND TIME OF LATEST TRANSACTION
control field 20241113155013.0
008 - FIXED-LENGTH DATA ELEMENTS--GENERAL INFORMATION
fixed length control field 241113b |||||||| |||| 00| 0 eng d
020 ## - INTERNATIONAL STANDARD BOOK NUMBER
International Standard Book Number 0879832908
100 ## - MAIN ENTRY--PERSONAL NAME
Personal name Havergal Francis Ridley
245 ## - TITLE STATEMENT
Title Kept for the Master's Use
250 ## - EDITION STATEMENT
Edition statement Large type edition
260 ## - PUBLICATION, DISTRIBUTION, ETC.
Place of publication, distribution, etc. New Canaan, Connecticut, USA
Name of publisher, distributor, etc. Keat Publishing Inc.
Date of publication, distribution, etc. 1982
300 ## - PHYSICAL DESCRIPTION
Extent 155 pages
Dimensions 23.5 cm
650 ## - SUBJECT ADDED ENTRY--TOPICAL TERM
Source of heading or term Theology
942 ## - ADDED ENTRY ELEMENTS (KOHA)
Source of classification or shelving scheme Library of Congress Classification
Koha item type Books
Suppress in OPAC No
999 ## -
-- 1133
-- 1133
Holdings
Withdrawn status Lost status Source of classification or shelving scheme Damaged status Not for loan Collection Home library Current library Shelving location Date acquired Total checkouts Full call number Barcode Date last seen Copy number Price effective from Koha item type
    Library of Congress Classification     Non-fiction Law Library (Miotso) Law Library (Miotso) General stacks 11/13/2024   BV4501.2 HAV LLM00000858 11/13/2024 1 11/13/2024 Books
© 2023-2024 Copyright: Central University Libraries. All Rights Reserved | Created by: Mahone Tech Office